000 00476nam a22001577a 4500
005 20251030085147.0
008 251030b |||||||| |||| 00| 0 eng d
020 _a9781403942234
050 _aRT82 PRI
245 _aPrinciples of Professional Studies in Nursing
_cedited by Janice Brown & Paula Libberton
260 _aNew York
_bPalgrave Macmillan
_c2007
300 _axiv. 224p.
_bill.
_c23.5cm
700 _aBrown, Janice
700 _aLibberton, Paula
942 _2lcc
_cBK
_n0
999 _c7919
_d7919